00974nas a2200229Ia 4500001001100000003000900011008004100020040001300061040001300074041001300087100004600100210002000146222002000166245009800186250001100284260004600295501008600341300001700427362004300444500019800487650005900685R820/72316IT-RoPAU151124c99999999xx |||||||||||| ||und|| aIT-RoPAU cIT-RoPAU aITALIANO aGuccini GerardogCodice Aut. SPICS: 24226 aTEATRO FESTIVAL aTeatro Festival aTEATRO FESTIVAL, ANNO 4-N.10/11 (APRILE/MAGGIO 1988)bMelodramma E Il Teatro Dell'Attore (Il) a1a ed. aPARMAbASSOCIAZIONE TEATRO FESTIVALc1988 bPaulus - SPICS - Società San Paolo EM (non-commercial uses only)cCopyright2015 a9 p. [18-26] aANNO 004, N.10/11 (APRILE/MAGGIO 1988) aIl Problema della Codificazione Attorica. Interpretazioni D'Autore: i Casidi Verdi e Wagner. Le Esperienze del Musicista in Quanto Attore. Quando Ilmaestro è in Scena: Uno Sguardo Alle Prove. aTEATRO - DANZA - DRAMMATURGIAvPUBBLICAZIONE PERIODICA